000 00591nam a2200217Ia 4500
003 OSt
005 20220923230925.0
006 a|||||r|||| 00| 0
007 ta
008 Pun
024 _a306,494
037 _cTextual
040 _aARTS
_cARTS
_bPun
041 _2Pun
_aPun
082 _aO153,8NTI:g, N1
100 _aਰੰਧਾਵਾ, ਐਮ ਐਮ, ਥਦ.
245 0 _aਹਾਸ ਵਿਅੰਗ ਸਮਰਾਟ ਡਾ ਤੀਰ
260 _c1991
942 _hO153,8NTI:g, N1
_cTEXL
_2CC
999 _c388274
_d388274